<?xml version="1.0" encoding="UTF-8"?>
<record
    xmlns:xsi="http://www.w3.org/2001/XMLSchema-instance"
    xsi:schemaLocation="http://www.loc.gov/MARC21/slim http://www.loc.gov/standards/marcxml/schema/MARC21slim.xsd"
    xmlns="http://www.loc.gov/MARC21/slim">

  <leader>02414nam a2200337 a 4500</leader>
  <controlfield tag="001">BRCA_3059</controlfield>
  <controlfield tag="005">20190320204106.0</controlfield>
  <controlfield tag="008">260109s1799----fr-a---###---#000-0#fre-u</controlfield>
  <datafield tag="041" ind1=" " ind2=" ">
    <subfield code="a">fre</subfield>
  </datafield>
  <datafield tag="044" ind1=" " ind2=" ">
    <subfield code="a">fr</subfield>
  </datafield>
  <datafield tag="084" ind1=" " ind2=" ">
    <subfield code="a">365</subfield>
    <subfield code="b">.D48</subfield>
    <subfield code="c">1799</subfield>
  </datafield>
  <datafield tag="100" ind1="1" ind2=" ">
    <subfield code="a">Cervantes Saavedra, Miguel de</subfield>
    <subfield code="c">1547-1616</subfield>
    <subfield code="9">213</subfield>
  </datafield>
  <datafield tag="245" ind1="1" ind2="0">
    <subfield code="a">Don Quichotte de la Manche</subfield>
    <subfield code="c">Miguel de Cervantes Saavedra.</subfield>
  </datafield>
  <datafield tag="250" ind1=" " ind2=" ">
    <subfield code="a">1</subfield>
  </datafield>
  <datafield tag="260" ind1=" " ind2=" ">
    <subfield code="a">Par&#xED;s</subfield>
    <subfield code="b">Deterville</subfield>
    <subfield code="c">1799</subfield>
  </datafield>
  <datafield tag="300" ind1=" " ind2=" ">
    <subfield code="a">3 v.</subfield>
    <subfield code="b">il.</subfield>
    <subfield code="c">25 cm.</subfield>
  </datafield>
  <datafield tag="500" ind1=" " ind2=" ">
    <subfield code="a">Contenido : v 1. Primera parte. Advertencia del traductor. Pr&#xF3;logo de Cervantes. Texto. -- v 2. Texto. Segunda parte. Prefacio del traductor. Pr&#xF3;logo de Cervantes. Texto. -- v 3. Texto</subfield>
  </datafield>
  <datafield tag="500" ind1=" " ind2=" ">
    <subfield code="a">Edici&#xF3;n : Traduit de l&#xB4;Espagnol de Michel de Cervantes par Florian. Ouvrage posthume</subfield>
  </datafield>
  <datafield tag="500" ind1=" " ind2=" ">
    <subfield code="a">Primera edici&#xF3;n de la traducci&#xF3;n de Florian. Suprimiendo muchos pasajes y abreviando otros redujo Florian el texto cervantino a 50 cap&#xED;tulos la primera parte, y a 54 la segunda. Tal atrevimiento censura con raz&#xF3;n L. Viardot y otros amantes de la magna novela. Entre las supresiones m&#xE1;s importates se cuenta: parte del episodio del Gobierno de Sancho Panza; el duelo del lacayo Tosilos con D. Quijote; la aventura de la hija de Don Diego de la Llana, y otras. Y es a&#xFA;n m&#xE1;s lamentable esta abreviaci&#xF3;n sin ton ni son del escritor franc&#xE9;s, porque su traducci&#xF3;nn de la novela sirvi&#xF3; despu&#xE9;s de base a sinn&#xFA;mero de traducciones a lenguas de otros pa&#xED;ses, cuyos lectores, debido a ello, todav&#xED;a hasta los tiempos modernos, no han podido formarse una idea clara de la obra cervantina. La parte tipogr&#xE1;fica es muy buena, ya que est&#xE1; impresa con tipos claros y sobre papel superior. Va adornada con dibujos de Lef&#xE8;vre y Lebarbier, finamente grabados en acero por B. Halbou, C. S. Gaucher, y otros. Piel; lomos adornados con filetes dorados; cortes dorados tambi&#xE9;n L&#xFA;dovik Osterc</subfield>
  </datafield>
  <datafield tag="500" ind1=" " ind2=" ">
    <subfield code="a">Con ex-libris : Gautier et Comp. &#xE0; Moscou</subfield>
  </datafield>
  <datafield tag="500" ind1=" " ind2=" ">
    <subfield code="a">QM287</subfield>
  </datafield>
  <datafield tag="546" ind1=" " ind2=" ">
    <subfield code="a">Texto en : franc&#xE9;s</subfield>
  </datafield>
  <datafield tag="650" ind1="1" ind2="4">
    <subfield code="a">Novela espa&#xF1;ola</subfield>
    <subfield code="y">&#xC9;poca cl&#xE1;sica, 1500-1700</subfield>
    <subfield code="9">215</subfield>
  </datafield>
  <datafield tag="650" ind1="1" ind2="4">
    <subfield code="a">Literatura espa&#xF1;ola</subfield>
    <subfield code="y">&#xC9;poca cl&#xE1;sica, 1500-1700</subfield>
    <subfield code="9">216</subfield>
  </datafield>
  <datafield tag="650" ind1="1" ind2="4">
    <subfield code="a">Novela espa&#xF1;ola</subfield>
    <subfield code="y">Siglo XVII</subfield>
    <subfield code="9">217</subfield>
  </datafield>
  <datafield tag="650" ind1="1" ind2="4">
    <subfield code="a">Don Quijote (Personaje ficticio)</subfield>
    <subfield code="e">Novela</subfield>
    <subfield code="9">218</subfield>
  </datafield>
  <datafield tag="700" ind1="1" ind2=" ">
    <subfield code="a">Florian, Jean-Pierre Claris de</subfield>
    <subfield code="d">1755-1794</subfield>
    <subfield code="e">Traductor</subfield>
    <subfield code="9">8380</subfield>
  </datafield>
  <datafield tag="740" ind1="0" ind2=" ">
    <subfield code="a">El Ingenioso Hidalgo Don Quijote de la Mancha</subfield>
  </datafield>
  <datafield tag="902" ind1=" " ind2=" ">
    <subfield code="a">QFM</subfield>
  </datafield>
  <datafield tag="942" ind1=" " ind2=" ">
    <subfield code="2">lcc</subfield>
    <subfield code="c">B</subfield>
  </datafield>
  <datafield tag="999" ind1=" " ind2=" ">
    <subfield code="c">2795</subfield>
    <subfield code="d">2795</subfield>
  </datafield>
  <datafield tag="952" ind1=" " ind2=" ">
    <subfield code="0">0</subfield>
    <subfield code="1">0</subfield>
    <subfield code="4">0</subfield>
    <subfield code="7">0</subfield>
    <subfield code="a">BRCA</subfield>
    <subfield code="b">BRCA</subfield>
    <subfield code="d">2009-01-26</subfield>
    <subfield code="i">QM287</subfield>
    <subfield code="l">0</subfield>
    <subfield code="o">365 .D48 1799 (QM287)</subfield>
    <subfield code="p">3056</subfield>
    <subfield code="r">2019-03-22 00:00:00</subfield>
    <subfield code="w">2019-03-22</subfield>
    <subfield code="y">B</subfield>
  </datafield>
</record>
